00257nam a2200121Ia 4500008004100000100001900041245001200060260001700072300000800089650001400097942000700111999001700118190216s9999||||xx |||||||||||||| ||und|| aChandu Menon O 0aSharada bNbs Kottayam a216 aKavithkal cBK c27278d27278